The American Heritage dictionary / (Record no. 617295)

000 -LEADER
fixed length control field 00412nam a22001457a 4500
020 ## - INTERNATIONAL STANDARD BOOK NUMBER
Qualifying information PB.
040 ## - CATALOGING SOURCE
Transcribing agency FIZZA ISHAQ
082 ## - DEWEY DECIMAL CLASSIFICATION NUMBER
Classification number 423
Author Mark HER
100 ## - MAIN ENTRY--PERSONAL NAME
Personal name Heritage , American.
9 (RLIN) 134321
245 ## - TITLE STATEMENT
Title The American Heritage dictionary /
Statement of responsibility, etc. American Heritage.
250 ## - EDITION STATEMENT
Edition statement 2nd College Edition.
260 ## - PUBLICATION, DISTRIBUTION, ETC.
Place of publication, distribution, etc. New York:
Name of publisher, distributor, etc. Dell Pub. Co,
Date of publication, distribution, etc. 1969.
300 ## - PHYSICAL DESCRIPTION
Extent xvi ; 878 P. ;
Dimensions 6.5 x 4 x 1.5 inches,
942 ## - ADDED ENTRY ELEMENTS (KOHA)
Source of classification or shelving scheme
Koha item type Book
Holdings
Withdrawn status Lost status Source of classification or shelving scheme Damaged status Not for loan Permanent Location Current Location Shelving location Date acquired Total Checkouts Full call number Barcode Date last seen Price effective from Koha item type
          NUST Baluchistan Campus (NBC) NUST Baluchistan Campus (NBC) Dictionaries 05/04/2026   423 HER QD-191 05/04/2026 05/04/2026 Book
© 2023 Central Library, National University of Sciences and Technology. All Rights Reserved.